Logo BPK

Biblioteka

Politechniki Koszalińskiej

The Odyssey of Homer : (Rekord nr 48802)

Szczegóły MARC
000 -ETYKIETA REKORDU
podpole kontrolne o stałej długości 00627nam a2200193 i 4500
001 - NUMER KONTROLNY REKORDU
pole kontrolne bgj
040 ## - ŹRÓDŁO KATALOGOWANIA
Instytucja, która utworzyła rekord BPK
041 0# - KOD JĘZYKA
Kod języka tekstu eng
Kod języka oryginału gre
008 - POLE O STAŁEJ DŁUGOŚCI - DANE KONTROLNE
podpole kontrolne o stałej długości s uk f |000 0 eng
100 1# - NAZWA OSOBOWA
Nazwa osobowa Homerus
Daty związane z nazwą (8..-7..a.C).
245 10 - TYTUŁ/ODPOWIEDZIALNOŚĆ
Tytuł The Odyssey of Homer :
Ciąg dalszy tytułu books VI-XIV, XVIII- XXIV /
Pozostałe elementy strefy tytułu i oznaczenia odpowiedzialności Homer ; the translation of Theodore A. Buckley.
260 ## - STREFA ADRESU WYDAWNICZEGO
Miejsce wydania New York :
Nazwa wydawcy/dystrybutora Charles E. Merril Company,
Data publikacji, dystrybucji/powstania dokumentu 1911.
300 ## - STREFA OPISU FIZYCZNEGO
Objętość 327 pp ;
Rozmiary 17 cm.
490 1# - STREFA SERII I DOKUMENTU WIELOCZĘŚCIOWEGO - FORMA NIE DO WYSZUKIWANIA
Tytuł i oznaczenie odpowiedzialności serii Merrill's English Texts
650 #9 - HASŁO PRZEDMIOTOWE W FORMIE NAZWY OGÓLNEJ LUB JEDNOSTKOWEJ
Nazwa ogólna lub geograficzna Epic poetry, Greek
Określnik ogólny Translations into English
700 1# - HASŁO DODATKOWE - NAZWA OSOBOWA
Nazwa osobowa BUCKLEY, Theodore A.
Określenie związku między hasłem a opisywanym materiałem transl.
830 ## - HASŁO DODATKOWE SERII LUB DOKUMENTU WIELOCZĘŚCIOWEGO - TYTUŁ UJEDNOLICONY
Tytuł ujednolicony Merrill's English Texts
942 ## - DODATKOWE ELEMENTY (KOHA)
Typ dokumentu Książka
Egzemplarze
Wycofany Status egzemplarza Uszkodzony Dostępność Lokalizacja stała Lokalizacja bieżąca Miejsce przechowywania Sygnatura Kod kreskowy Typ dokumentu
      Dostępny Biblioteka Politechniki Koszalińskiej Biblioteka Politechniki Koszalińskiej Wypożyczalnia Językowa KA 6126 09050525 Książka
© 2023 Biblioteka Politechniki Koszalińskiej :: KOHA